|
|
|
|
| LEADER |
00928nam a2200229 a 4500 |
| 001 |
c000361991 |
| 003 |
CARM |
| 005 |
00000000000000.0 |
| 008 |
851113s1965 nyu 00000 eng d |
| 019 |
1 |
|
|a 4144180
|z 10223071
|5 LACONCORD2021
|
| 035 |
|
|
|a (OCoLC)230253
|5 LACONCORD2021
|
| 050 |
0 |
0 |
|a HD70.P6
|b F4
|
| 100 |
1 |
|
|a Feiwel, George R.
|
| 245 |
1 |
4 |
|a The economics of a socialist enterprise :
|b a case study of the Polish firm /
|c [by] George R. Feiwel.
|
| 260 |
|
|
|a New York :
|b Praeger,
|c [1965]
|
| 300 |
|
|
|a xvi, 398 p. :
|b illus. ;
|c 24 cm.
|
| 490 |
0 |
|
|a Praeger special studies in international economics and development
|
| 650 |
|
0 |
|a Industrial management
|z Poland.
|
| 852 |
8 |
|
|b CARM
|h A1:AM38C0
|i C10286
|p 0441989
|f BK
|
| 082 |
0 |
4 |
|a 658.009438
|
| 999 |
f |
f |
|i 05af4c39-a442-54bc-84e5-e61b47c589fb
|s e0119420-25c7-5cde-8060-91b01ea10c53
|
| 952 |
f |
f |
|p Can circulate
|a CAVAL
|b CAVAL
|c CAVAL
|d CARM 1 Store
|e C10286
|f A1:AM38C0
|h Other scheme
|i book
|m 0441989
|